Perspektívy vývoja cenovej hladiny SR ako člena Európskej hospodárskej a menovej únie

Súčasný vývoj v Európskej hospodárskej a menovej únii. Európsky finančný stabilizačný fond – "euroval" (European financial stability facility) zriadený v júli 2010. Finančná podpora Grécka. Výška rozpočtového deficitu a verejného dlhu v eurozóne. Vplyv súčasného vývoja v Hospodárskej a menovej únii...

Descrizione completa

Salvato in:
Dettagli Bibliografici
Autore principale: Poláčková, Hana, 1968-
Natura: Capitolo di libro
Lingua:slovacco
Soggetti:
Tags: Aggiungi Tag
Nessun Tag, puoi essere il primo ad aggiungerne!!

MARC

LEADER 00000nla$a2200000$$$4500
001 0134323
005 20240502072516.5
041 0 |a slo 
044 |a SK 
245 1 0 |a Perspektívy vývoja cenovej hladiny SR ako člena Európskej hospodárskej a menovej únie  |c Hana Poláčková 
520 |a Súčasný vývoj v Európskej hospodárskej a menovej únii. Európsky finančný stabilizačný fond – "euroval" (European financial stability facility) zriadený v júli 2010. Finančná podpora Grécka. Výška rozpočtového deficitu a verejného dlhu v eurozóne. Vplyv súčasného vývoja v Hospodárskej a menovej únii na Slovensko. Teoretické a praktické otázky protiinflačnej politiky. 
610 2 0 |a financie verejné 
610 2 0 |a únie menové 
610 2 0 |a únie hospodárske 
610 2 0 |a dlhy verejné 
610 2 0 |a zadlženosť 
610 2 0 |a opatrenia 
610 2 0 |a inflácia 
610 2 0 |a kríza finančná 
610 2 0 |a Grécko 
610 2 0 |a Európska únia 
100 1 |a Poláčková, Hana, 1968-